| 000 | 00888namaa22002291 4500 | ||
|---|---|---|---|
| 001 | 177968 | ||
| 003 | ES-MaACL | ||
| 005 | 20230906220446.0 | ||
| 008 | 110510s1874 sp |||| | spa d | ||
| 080 | _a1 Krause, Karl Christian Friedrich | ||
| 080 | _a16 | ||
| 100 | 1 |
_aTiberghien, Guillaume. _9110206 |
|
| 245 | 1 | 0 |
_aMédula del sistema de Krause ó cuadros de las categorías, segun este autor / _ccomentado por G. Tiberghien ; versión castellana de M. L. |
| 260 |
_aMadrid : _b[s.n.], _c1874 ( _fImp. de Antonio Querol y Pedro García) |
||
| 300 |
_a20 p. ; _c18 cm. |
||
| 490 | 1 | _aBiblioteca de ciencias morales y políticas | |
| 600 | 1 | 4 |
_aKrause, Karl Christian Friedrich. _968762 |
| 650 | 4 |
_aLógica. _914693 |
|
| 830 | 0 |
_aBiblioteca de ciencias morales y políticas _9224234 |
|
| 852 |
_aES-MaACL _jD-4706(2) _z.- Encuadernado con otras obras |
||
| 999 |
_c177968 _d177968 |
||